Catálogo
 En Linea

Informe acerca de la reforma educacional iniciada por Eugenio María de Hostos presentado al Congreso Nacional el 10 de junio de 1901 por el representante por Puerto Plata. / (Registro nro. 32848)

Detalles MARC
000 -CABECERA
campo de control de longitud fija 00588nam a2200145 a 4500
001 - NÚMERO DE CONTROL
campo de control 000033357
005 - FECHA Y HORA DE LA ÚLTIMA TRANSACCIÓN
campo de control 20200930070213.0
008 - DATOS DE LONGITUD FIJA--INFORMACIÓN GENERAL
campo de control de longitud fija 110825s1901 dr 000 0 spa d
040 ## - FUENTE DE LA CATALOGACIÓN
Centro catalogador/agencia de origen DO-SdBNP
Lengua de catalogación spa
Centro/agencia transcriptor BNPHU
049 ## - FONDOS LOCALES (OCLC)
Fondos de biblioteca BNPD
100 1# - ENTRADA PRINCIPAL--NOMBRE DE PERSONA
Nombre de persona Castellanos, Rafael C.
9 (RLIN) 54014
245 10 - MENCIÓN DE TÍTULO
Título Informe acerca de la reforma educacional iniciada por Eugenio María de Hostos presentado al Congreso Nacional el 10 de junio de 1901 por el representante por Puerto Plata. /
Mención de responsabilidad, etc. Pbro. Lcdo. Rafael C. Castellanos.
260 ## - PUBLICACIÓN, DISTRIBUCIÓN, ETC.
Lugar de publicación, distribución, etc. Santo Domingo :
Nombre del editor, distribuidor, etc. Imp. de García Hermanos,
Fecha de publicación, distribución, etc. 1901.
300 ## - DESCRIPCIÓN FÍSICA
Extensión 54 p. ;
Dimensiones 23 cm.
Existencias
Estado de retiro Estado de pérdida Restricciones de uso No para préstamo Código de colección Localización permanente Ubicación/localización actual Ubicación en estantería Fecha de adquisición Número de inventario Total de préstamos Signatura topográfica completa Código de barras Fecha visto por última vez Precio válido a partir de Tipo de ítem Koha Nota pública
      Excluido de préstamo Raros y valiosos Patrimonio Dominicano Patrimonio Dominicano En catalogación 25.08.2011 LF1   33357-10 25.06.2020 25.06.2020 No se presta Perteneció a la biblioteca personal de Carlos Larrazábal Blanco.

Con tecnología Koha